[Event "398 Stay Safe Play From Home series"]
[Site "Emanuel Lasker Arena"]
[Date "2020.08.20"]
[Round "2"]
[White "Kasparov Garry"]
[Black "Hickey"]
[Result "1-0"]
[WhiteElo "2409"]
[BlackElo "2200"]
[PlyCount "137"]
[EventDate "2020.08.20"]
[EventType "swiss (blitz)"]

1. d4 {[%emt 0:00:03]} Nf6 {[%emt 0:00:01]} 2. c4 {[%emt 0:00:01]} e6 {[%emt 0:00:00]} 3. g3 {[%emt 0:00:01]} d5 {[%emt 0:00:02]} 4. Nf3 {[%emt 0:00:04]} Bb4+ {[%emt 0:00:00]} 5. Bd2 {[%emt 0:00:01]} Be7 {[%emt 0:00:02]} 6. Nc3 {[%emt 0:00:01]} O-O {[%emt 0:00:00]} 7. cxd5 {[%emt 0:00:01]} exd5 {[%emt 0:00:02]} 8. Bg2 {[%emt 0:00:01]} c6 {[%emt 0:00:00]} 9. Qc2 {[%emt 0:00:01]} Bg4 {[%emt 0:00:01]} 10. Rc1 {[%emt 0:00:01]} Nbd7 {[%emt 0:00:00]} 11. h3 {[%emt 0:00:01]} Bh5 {[%emt 0:00:01]} 12. Nh4 {[%emt 0:00:01]} a6 {[%emt 0:00:04]} 13. O-O {[%emt 0:00:01]} Bg6 {[%emt 0:00:03]} 14. Nxg6 {[%emt 0:00:01]} hxg6 {[%emt 0:00:00]} 15. Rfe1 {[%emt 0:00:01]} Bd6 {[%emt 0:00:01]} 16. e4 {[%emt 0:00:01]} dxe4 {[%emt 0:00:00]} 17. Bxe4 {[%emt 0:00:01]} Nxe4 {[%emt 0:00:00]} 18. Rxe4 {[%emt 0:00:01]} Nf6 {[%emt 0:00:01]} 19. Rh4 {[%emt 0:00:01]} Re8 {[%emt 0:00:01]} 20. Bg5 {[%emt 0:00:01]} Qc7 {[%emt 0:00:01]} 21. Qd3 {[%emt 0:00:01]} Qd7 {[%emt 0:00:02]} 22. Kg2 {[%emt 0:00:01]} Rac8 {[%emt 0:00:05]} 23. a3 {[%emt 0:00:01]} Bf8 {[%emt 0:00:01]} 24. a4 {[%emt 0:00:00]} Nd5 {[%emt 0:00:02]} 25. Qf3 {[%emt 0:00:01]} f6 {[%emt 0:00:01]} 26. Bd2 {[%emt 0:00:01]} Nxc3 {[%emt 0:00:01]} 27. Bxc3 {[%emt 0:00:00]} Rcd8 {[%emt 0:00:01]} 28. Re4 {[%emt 0:00:01]} Qd5 {[%emt 0:00:01]} 29. Rxe8 {[%emt 0:00:00]} Qxf3+ {[%emt 0:00:01]} 30. Kxf3 {[%emt 0:00:01]} Rxe8 {[%emt 0:00:00]} 31. h4 {[%emt 0:00:01]} Kf7 {[%emt 0:00:00]} 32. a5 {[%emt 0:00:01]} Rd8 {[%emt 0:00:01]} 33. Rh1 {[%emt 0:00:01]} Rd5 {[%emt 0:00:00]} 34. b4 {[%emt 0:00:01]} Rb5 {[%emt 0:00:01]} 35. Rb1 {[%emt 0:00:01]} c5 {[%emt 0:00:01]} 36. dxc5 {[%emt 0:00:01]} Bxc5 {[%emt 0:00:01]} 37. Rb2 {[%emt 0:00:01]} Bd6 {[%emt 0:00:01]} 38. Ke4 {[%emt 0:00:01]} Ke6 {[%emt 0:00:01]} 39. Kd4 {[%emt 0:00:01]} Be5+ {[%emt 0:00:01]} 40. Kd3 {[%emt 0:00:00]} Rd5+ {[%emt 0:00:02]} 41. Kc2 {[%emt 0:00:01]} Rb5 {[%emt 0:00:02]} 42. Kb3 {[%emt 0:00:00]} Bc7 {[%emt 0:00:02]} 43. Kc4 {[%emt 0:00:00]} Kf7 {[%emt 0:00:01]} 44. Bd4 {[%emt 0:00:01]} Bd6 {[%emt 0:00:01]} 45. Rb3 {[%emt 0:00:00]} Be7 {[%emt 0:00:01]} 46. Bc5 {[%emt 0:00:01]} Bxc5 {[%emt 0:00:02]} 47. bxc5 {[%emt 0:00:01]} Rxb3 {[%emt 0:00:00]} 48. Kxb3 {[%emt 0:00:01]} Ke6 {[%emt 0:00:00]} 49. Kc4 {[%emt 0:00:00]} Kd7 {[%emt 0:00:01]} 50. Kd5 {[%emt 0:00:00]} g5 {[%emt 0:00:01]} 51. h5 {[%emt 0:00:01]} Kc7 {[%emt 0:00:00]} 52. Ke6 {[%emt 0:00:01]} Kc6 {[%emt 0:00:01]} 53. Kf7 {[%emt 0:00:01]} Kxc5 {[%emt 0:00:01]} 54. Kxg7 {[%emt 0:00:01]} b5 {[%emt 0:00:01]} 55. h6 {[%emt 0:00:01]} b4 {[%emt 0:00:01]} 56. h7 {[%emt 0:00:01]} b3 {[%emt 0:00:00]} 57. h8=Q {[%emt 0:00:00]} b2 {[%emt 0:00:00]} 58. Qb8 {[%emt 0:00:01]} b1=Q {[%emt 0:00:00]} 59. Qxb1 {[%emt 0:00:01]} Kd5 {[%emt 0:00:00]} 60. Kxf6 {[%emt 0:00:01]} Kd4 {[%emt 0:00:01]} 61. Kxg5 {[%emt 0:00:00]} Kc4 {[%emt 0:00:01]} 62. Qf1+ {[%emt 0:00:01]} Kd4 {[%emt 0:00:00]} 63. Qxa6 {[%emt 0:00:01]} Kc3 {[%emt 0:00:00]} 64. Qf6+ {[%emt 0:00:01]} Kd2 {[%emt 0:00:00]} 65. a6 {[%emt 0:00:01]} Ke1 {[%emt 0:00:00]} 66. Qd4 {[%emt 0:00:01]} Kf1 {[%emt 0:00:00]} 67. a7 {[%emt 0:00:01]} Kg2 {[%emt 0:00:00]} 68. a8=Q+ {[%emt 0:00:01]} Kg1 {[%emt 0:00:00]} 69. Qd1+ {[%emt 0:00:01]} 1-0

[Event "398 Stay Safe Play From Home series"]
[Site "Emanuel Lasker Arena"]
[Date "2020.08.20"]
[Round "2"]
[White "AChessPlayer"]
[Black "Mepe_Nika"]
[Result "0-1"]
[WhiteElo "2397"]
[BlackElo "2352"]
[PlyCount "178"]
[EventDate "2020.08.20"]
[EventType "swiss (blitz)"]

1. Nf3 {[%emt 0:00:01]} Nf6 {[%emt 0:00:01]} 2. g3 {[%emt 0:00:00]} g6 {[%emt 0:00:01]} 3. Bg2 {[%emt 0:00:00]} Bg7 {[%emt 0:00:00]} 4. O-O {[%emt 0:00:00]} O-O {[%emt 0:00:00]} 5. d4 {[%emt 0:00:02]} d6 {[%emt 0:00:01]} 6. c3 {[%emt 0:00:01]} c5 {[%emt 0:00:01]} 7. Nbd2 {[%emt 0:00:00]} Nc6 {[%emt 0:00:03]} 8. dxc5 {[%emt 0:00:02]} dxc5 {[%emt 0:00:01]} 9. Nc4 {[%emt 0:00:00]} Be6 {[%emt 0:00:02]} 10. Nce5 {[%emt 0:00:04]} Qc8 {[%emt 0:00:03]} 11. Nxc6 {[%emt 0:00:01]} Qxc6 {[%emt 0:00:00]} 12. Be3 {[%emt 0:00:01]} Qc7 {[%emt 0:00:02]} 13. Bf4 {[%emt 0:00:01]} Qb6 {[%emt 0:00:02]} 14. Qc1 {[%emt 0:00:04]} Rfd8 {[%emt 0:00:01]} 15. Nd2 {[%emt 0:00:03]} Bd5 {[%emt 0:00:02]} 16. e4 {[%emt 0:00:02]} Be6 {[%emt 0:00:03]} 17. h3 {[%emt 0:00:01]} Rd7 {[%emt 0:00:01]} 18. Be3 {[%emt 0:00:01]} Rad8 {[%emt 0:00:01]} 19. a4 {[%emt 0:00:00]} Qc7 {[%emt 0:00:03]} 20. Qc2 {[%emt 0:00:02]} b6 {[%emt 0:00:01]} 21. Rad1 {[%emt 0:00:01]} Ne8 {[%emt 0:00:01]} 22. Rfe1 {[%emt 0:00:01]} Nd6 {[%emt 0:00:01]} 23. Bf1 {[%emt 0:00:02]} Qc6 {[%emt 0:00:02]} 24. Bg2 {[%emt 0:00:04]} Qc7 {[%emt 0:00:01]} 25. f4 {[%emt 0:00:01]} Nc4 {[%emt 0:00:01]} 26. Nxc4 {[%emt 0:00:01]} Bxc4 {[%emt 0:00:00]} 27. Rxd7 {[%emt 0:00:01]} Qxd7 {[%emt 0:00:00]} 28. b3 {[%emt 0:00:01]} Be6 {[%emt 0:00:01]} 29. g4 {[%emt 0:00:02]} f5 {[%emt 0:00:02]} 30. exf5 {[%emt 0:00:01]} gxf5 {[%emt 0:00:00]} 31. g5 {[%emt 0:00:00]} Bd5 {[%emt 0:00:01]} 32. Rd1 {[%emt 0:00:01]} e6 {[%emt 0:00:01]} 33. c4 {[%emt 0:00:01]} Bd4 {[%emt 0:00:04]} 34. cxd5 {[%emt 0:00:00]} Bxe3+ {[%emt 0:00:01]} 35. Kh1 {[%emt 0:00:00]} Bxf4 {[%emt 0:00:03]} 36. Bf3 {[%emt 0:00:02]} Bxg5 {[%emt 0:00:01]} 37. dxe6 {[%emt 0:00:01]} Qe7 {[%emt 0:00:02]} 38. Rg1 {[%emt 0:00:01]} Kh8 {[%emt 0:00:01]} 39. Qxf5 {[%emt 0:00:01]} Rg8 {[%emt 0:00:01]} 40. Be4 {[%emt 0:00:01]} Bf6 {[%emt 0:00:02]} 41. Rxg8+ {[%emt 0:00:02]} Kxg8 {[%emt 0:00:00]} 42. Qg4+ {[%emt 0:00:01]} Qg7 {[%emt 0:00:01]} 43. Qf5 {[%emt 0:00:01]} Qe7 {[%emt 0:00:01]} 44. Qd5 {[%emt 0:00:01]} Kg7 {[%emt 0:00:01]} 45. Qd7 {[%emt 0:00:01]} Qxd7 {[%emt 0:00:01]} 46. exd7 {[%emt 0:00:00]} Bd8 {[%emt 0:00:00]} 47. Bc6 {[%emt 0:00:00]} h6 {[%emt 0:00:00]} 48. Bb5 {[%emt 0:00:00]} Kf6 {[%emt 0:00:00]} 49. Bc4 {[%emt 0:00:00]} Ke5 {[%emt 0:00:00]} 50. Kg2 {[%emt 0:00:01]} Kd4 {[%emt 0:00:00]} 51. Kf3 {[%emt 0:00:00]} Ke5 {[%emt 0:00:00]} 52. Kg4 {[%emt 0:00:00]} Kd6 {[%emt 0:00:00]} 53. Bb5 {[%emt 0:00:00]} a6 {[%emt 0:00:00]} 54. Bxa6 {[%emt 0:00:01]} Kxd7 {[%emt 0:00:00]} 55. Bc4 {[%emt 0:00:00]} Bg5 {[%emt 0:00:00]} 56. Kh5 {[%emt 0:00:00]} Be3 {[%emt 0:00:00]} 57. h4 {[%emt 0:00:00]} Kd6 {[%emt 0:00:00]} 58. Kg6 {[%emt 0:00:00]} Ke5 {[%emt 0:00:00]} 59. h5 {[%emt 0:00:00]} Kd4 {[%emt 0:00:00]} 60. Kf7 {[%emt 0:00:00]} Kc3 {[%emt 0:00:00]} 61. Ke7 {[%emt 0:00:00]} Kb4 {[%emt 0:00:00]} 62. Kd7 {[%emt 0:00:00]} Ka5 {[%emt 0:00:00]} 63. Kc6 {[%emt 0:00:00]} Bg5 {[%emt 0:00:00]} 64. Bb5 {[%emt 0:00:00]} Bc1 {[%emt 0:00:00]} 65. Kd5 {[%emt 0:00:00]} Bd2 {[%emt 0:00:00]} 66. Kc4 {[%emt 0:00:00]} Bc1 {[%emt 0:00:00]} 67. Bc6 {[%emt 0:00:00]} Bg5 {[%emt 0:00:00]} 68. Be4 {[%emt 0:00:00]} Bf4 {[%emt 0:00:00]} 69. Bg6 {[%emt 0:00:00]} Bg5 {[%emt 0:00:00]} 70. Bf7 {[%emt 0:00:01]} Bf4 {[%emt 0:00:00]} 71. Be8 {[%emt 0:00:00]} Bg5 {[%emt 0:00:00]} 72. Bb5 {[%emt 0:00:00]} Bf4 {[%emt 0:00:00]} 73. Bc6 {[%emt 0:00:00]} Bg3 {[%emt 0:00:00]} 74. Bb5 {[%emt 0:00:00]} Bh4 {[%emt 0:00:00]} 75. Bc6 {[%emt 0:00:00]} Bg5 {[%emt 0:00:00]} 76. Bb5 {[%emt 0:00:00]} Bf4 {[%emt 0:00:00]} 77. Bc6 {[%emt 0:00:00]} Ka6 {[%emt 0:00:00]} 78. Bb5+ {[%emt 0:00:00]} Ka7 {[%emt 0:00:00]} 79. Bc6 {[%emt 0:00:00]} Kb8 {[%emt 0:00:00]} 80. Bb5 {[%emt 0:00:00]} Kc7 {[%emt 0:00:00]} 81. b4 {[%emt 0:00:00]} Kd6 {[%emt 0:00:00]} 82. bxc5+ {[%emt 0:00:00]} bxc5 {[%emt 0:00:00]} 83. Kb3 {[%emt 0:00:00]} Kc7 {[%emt 0:00:00]} 84. a5 {[%emt 0:00:00]} Kb8 {[%emt 0:00:00]} 85. Bc4 {[%emt 0:00:00]} Ka7 {[%emt 0:00:00]} 86. a6 {[%emt 0:00:00]} Be3 {[%emt 0:00:00]} 87. Kc2 {[%emt 0:00:00]} Bf2 {[%emt 0:00:00]} 88. Kd3 {[%emt 0:00:00]} Bg3 {[%emt 0:00:00]} 89. Ke4 {[%emt 0:00:00]} Bh4 {[%emt 0:00:00] Time Time Time (Lag: Av=0.53s, max=3.8s) (Lag: Av=0.53s, max=3.8s) (Lag: Av=0.53s, max=3.8s)} 0-1

[Event "398 Stay Safe Play From Home series"]
[Site "Emanuel Lasker Arena"]
[Date "2020.08.20"]
[Round "2"]
[White "Lamborghini"]
[Black "Shaunak8"]
[Result "1-0"]
[WhiteElo "2315"]
[BlackElo "1507"]
[PlyCount "43"]
[EventDate "2020.08.20"]
[EventType "swiss (blitz)"]

1. e4 {[%emt 0:00:02]} c5 {[%emt 0:00:06]} 2. Nf3 {[%emt 0:00:01]} Nc6 {[%emt 0:00:00]} 3. d4 {[%emt 0:00:03]} Nf6 {[%emt 0:00:00]} 4. e5 {[%emt 0:00:01]} e6 {[%emt 0:00:00]} 5. exf6 {[%emt 0:00:01]} Qxf6 {[%emt 0:00:00]} 6. Bg5 {[%emt 0:00:02]} Qf5 {[%emt 0:00:05]} 7. Bd3 {[%emt 0:00:01]} Qd5 {[%emt 0:00:03]} 8. c4 {[%emt 0:00:01]} Qd6 {[%emt 0:00:05]} 9. d5 {[%emt 0:00:00]} exd5 {[%emt 0:00:02]} 10. O-O {[%emt 0:00:00]} dxc4 {[%emt 0:00:01]} 11. Re1+ {[%emt 0:00:01]} Be7 {[%emt 0:00:04]} 12. Bxe7 {[%emt 0:00:02]} Qc7 {[%emt 0:00:02]} 13. Bxc5+ {[%emt 0:00:02]} Kd8 {[%emt 0:00:07]} 14. Ng5 {[%emt 0:00:02]} d6 {[%emt 0:00:04]} 15. Bxd6 {[%emt 0:00:02]} Qxd6 {[%emt 0:00:00]} 16. Nxf7+ {[%emt 0:00:01]} Kd7 {[%emt 0:00:05]} 17. Nxd6 {[%emt 0:00:00]} Kxd6 {[%emt 0:00:00]} 18. Bxc4+ {[%emt 0:00:01]} Kc5 {[%emt 0:00:04]} 19. Nc3 {[%emt 0:00:00]} Kxc4 {[%emt 0:00:01]} 20. Qd5+ {[%emt 0:00:01]} Kb4 {[%emt 0:00:02]} 21. Re4+ {[%emt 0:00:00]} Nd4 {[%emt 0:00:07]} 22. Rxd4# {[%emt 0:00:00] (Lag: Av=0.52s, max=1.1s) (Lag: Av=0.52s, max=1.1s) (Lag: Av=0.52s, max=1.1s) Mate Mate Mate} 1-0

[Event "398 Stay Safe Play From Home series"]
[Site "Emanuel Lasker Arena"]
[Date "2020.08.20"]
[Round "2"]
[White "AlexK"]
[Black "Stefansmtk"]
[Result "0-1"]
[WhiteElo "2067"]
[BlackElo "1950"]
[PlyCount "88"]
[EventDate "2020.08.20"]
[EventType "swiss (blitz)"]

1. d4 {[%emt 0:00:05]} c5 {[%emt 0:00:01]} 2. Nf3 {[%emt 0:00:00]} cxd4 {[%emt 0:00:00]} 3. Nxd4 {[%emt 0:00:01]} d5 {[%emt 0:00:00]} 4. Nb3 {[%emt 0:00:00]} e5 {[%emt 0:00:01]} 5. g3 {[%emt 0:00:00]} Be6 {[%emt 0:00:01]} 6. Bg2 {[%emt 0:00:01]} Nc6 {[%emt 0:00:00]} 7. O-O {[%emt 0:00:01]} f6 {[%emt 0:00:00]} 8. Nc3 {[%emt 0:00:01]} Nge7 {[%emt 0:00:01]} 9. Nc5 {[%emt 0:00:03]} Bc8 {[%emt 0:00:02]} 10. Nxd5 {[%emt 0:00:01]} Nxd5 {[%emt 0:00:01]} 11. Qxd5 {[%emt 0:00:01]} Qxd5 {[%emt 0:00:01]} 12. Bxd5 {[%emt 0:00:01]} Bxc5 {[%emt 0:00:00]} 13. c3 {[%emt 0:00:04]} Ke7 {[%emt 0:00:01]} 14. Kg2 {[%emt 0:00:02]} Be6 {[%emt 0:00:01]} 15. Bf3 {[%emt 0:00:01]} f5 {[%emt 0:00:01]} 16. b4 {[%emt 0:00:01]} Bd6 {[%emt 0:00:02]} 17. b5 {[%emt 0:00:03]} Nd8 {[%emt 0:00:01]} 18. e4 {[%emt 0:00:01]} f4 {[%emt 0:00:02]} 19. gxf4 {[%emt 0:00:01]} exf4 {[%emt 0:00:00]} 20. e5 {[%emt 0:00:00]} Bc5 {[%emt 0:00:02]} 21. Bxf4 {[%emt 0:00:02]} Rf8 {[%emt 0:00:02]} 22. Bg5+ {[%emt 0:00:01]} Kf7 {[%emt 0:00:02]} 23. Rfd1 {[%emt 0:00:01]} Kg8 {[%emt 0:00:02]} 24. a4 {[%emt 0:00:02]} h6 {[%emt 0:00:01]} 25. Bh4 {[%emt 0:00:02]} Nf7 {[%emt 0:00:02]} 26. Bg3 {[%emt 0:00:01]} Rab8 {[%emt 0:00:02]} 27. a5 {[%emt 0:00:01]} Ng5 {[%emt 0:00:01]} 28. Bh5 {[%emt 0:00:03]} Bh3+ {[%emt 0:00:04]} 29. Kg1 {[%emt 0:00:02]} Rf5 {[%emt 0:00:02]} 30. Bg6 {[%emt 0:00:01]} Nf3+ {[%emt 0:00:02]} 31. Kh1 {[%emt 0:00:01]} Rg5 {[%emt 0:00:01]} 32. Be4 {[%emt 0:00:01]} Nxe5 {[%emt 0:00:03]} 33. f4 {[%emt 0:00:01]} Rxg3 {[%emt 0:00:03]} 34. hxg3 {[%emt 0:00:01]} Ng4 {[%emt 0:00:00]} 35. Rd2 {[%emt 0:00:03]} Be3 {[%emt 0:00:02]} 36. Bd5+ {[%emt 0:00:01]} Kh8 {[%emt 0:00:01]} 37. Re2 {[%emt 0:00:01]} Rd8 {[%emt 0:00:01]} 38. c4 {[%emt 0:00:01]} b6 {[%emt 0:00:01]} 39. Rae1 {[%emt 0:00:02]} bxa5 {[%emt 0:00:02]} 40. Rxe3 {[%emt 0:00:01]} Nxe3 {[%emt 0:00:00]} 41. Rxe3 {[%emt 0:00:01]} Bg4 {[%emt 0:00:00]} 42. Kg2 {[%emt 0:00:01]} a4 {[%emt 0:00:00]} 43. Ra3 {[%emt 0:00:01]} Bd1 {[%emt 0:00:02]} 44. Kf2 {[%emt 0:00:01]} Bb3 {[%emt 0:00:00] TimeW TimeW TimeW} 0-1

[Event "398 Stay Safe Play From Home series"]
[Site "Emanuel Lasker Arena"]
[Date "2020.08.20"]
[Round "2"]
[White "Padmaesh M K"]
[Black "Yuriko"]
[Result "0-1"]
[WhiteElo "1880"]
[BlackElo "1954"]
[PlyCount "40"]
[EventDate "2020.08.20"]
[EventType "swiss (blitz)"]

1. e4 {[%emt 0:00:01]} c5 {[%emt 0:00:01]} 2. Nf3 {[%emt 0:00:00]} a6 {[%emt 0:00:01]} 3. d4 {[%emt 0:00:01]} cxd4 {[%emt 0:00:00]} 4. Nxd4 {[%emt 0:00:00]} d6 {[%emt 0:00:00]} 5. Nc3 {[%emt 0:00:01]} Nf6 {[%emt 0:00:00]} 6. Bc4 {[%emt 0:00:01]} e6 {[%emt 0:00:01]} 7. O-O {[%emt 0:00:02]} Be7 {[%emt 0:00:00]} 8. f4 {[%emt 0:00:01]} Qc7 {[%emt 0:00:00]} 9. Qe2 {[%emt 0:00:02]} Nc6 {[%emt 0:00:01]} 10. Be3 {[%emt 0:00:01]} b5 {[%emt 0:00:01]} 11. Ndxb5 {[%emt 0:00:03]} axb5 {[%emt 0:00:02]} 12. Nxb5 {[%emt 0:00:00]} Qa5 {[%emt 0:00:01]} 13. Rad1 {[%emt 0:00:02]} d5 {[%emt 0:00:06]} 14. exd5 {[%emt 0:00:06]} exd5 {[%emt 0:00:01]} 15. Bxd5 {[%emt 0:00:01]} Nxd5 {[%emt 0:00:00]} 16. Rxd5 {[%emt 0:00:01]} O-O {[%emt 0:00:01]} 17. Qc4 {[%emt 0:00:04]} Nb4 {[%emt 0:00:03]} 18. Bd2 {[%emt 0:00:03]} Qb6+ {[%emt 0:00:07]} 19. Kh1 {[%emt 0:00:05]} Nxd5 {[%emt 0:00:02]} 20. Qxd5 {[%emt 0:00:01]} Bb7 {[%emt 0:00:00] Padmaesh M K resigns Padmaesh M K resigns Padmaesh M K resigns (Lag: Av=0.49s, max=0.8s) (Lag: Av=0.49s, max=0.8s) (Lag: Av=0.49s, max=0.8s)} 0-1

[Event "398 Stay Safe Play From Home series"]
[Site "Emanuel Lasker Arena"]
[Date "2020.08.20"]
[Round "2"]
[White "Klasman"]
[Black "Buzaglo"]
[Result "1-0"]
[WhiteElo "1373"]
[BlackElo "1940"]
[PlyCount "39"]
[EventDate "2020.08.20"]
[EventType "swiss (blitz)"]

1. f4 {[%emt 0:00:07]} e6 {[%emt 0:00:00]} 2. c4 {[%emt 0:00:02]} d5 {[%emt 0:00:00]} 3. cxd5 {[%emt 0:00:01]} exd5 {[%emt 0:00:00]} 4. d4 {[%emt 0:00:01]} Nf6 {[%emt 0:00:01]} 5. Nf3 {[%emt 0:00:02]} Ne4 {[%emt 0:00:01]} 6. Qb3 {[%emt 0:00:03]} Nc6 {[%emt 0:00:03]} 7. e3 {[%emt 0:00:01]} Bb4+ {[%emt 0:00:02]} 8. Bd2 {[%emt 0:00:03]} Bxd2+ {[%emt 0:00:02]} 9. Nbxd2 {[%emt 0:00:01]} Nxd2 {[%emt 0:00:01]} 10. Nxd2 {[%emt 0:00:02]} O-O {[%emt 0:00:01]} 11. Bd3 {[%emt 0:00:03]} Qh4+ {[%emt 0:00:01]} 12. g3 {[%emt 0:00:02]} Qh3 {[%emt 0:00:01]} 13. O-O-O {[%emt 0:00:01]} a5 {[%emt 0:00:03]} 14. Nf3 {[%emt 0:00:03]} Qd7 {[%emt 0:00:04]} 15. Ng5 {[%emt 0:00:03]} h6 {[%emt 0:00:02]} 16. h4 {[%emt 0:00:01]} a4 {[%emt 0:00:02]} 17. Qc2 {[%emt 0:00:02]} Nb4 {[%emt 0:00:03]} 18. Qe2 {[%emt 0:00:04]} Nxd3+ {[%emt 0:00:02]} 19. Qxd3 {[%emt 0:00:01]} b5 {[%emt 0:00:03]} 20. Qh7# {[%emt 0:00:02] (Lag: Av=0.51s, max=0.8s) (Lag: Av=0.51s, max=0.8s) (Lag: Av=0.51s, max=0.8s)} 1-0

[Event "398 Stay Safe Play From Home series"]
[Site "Emanuel Lasker Arena"]
[Date "2020.08.20"]
[Round "3"]
[White "Kasparov Garry"]
[Black "Broken sword"]
[Result "1-0"]
[WhiteElo "2417"]
[BlackElo "2508"]
[Annotator "TA"]
[PlyCount "31"]
[EventDate "2020.08.20"]
[EventType "swiss (blitz)"]

{[%evp 9,30,4,9,17,2,28,11,22,29,-19,-11,-21,-20,-28,-26,-14,26,-6,215,196,1126,1125,29999]} 1. e4 c5 2. Nf3 e6 3. b3 a6 4. Bb2 d5 5. exd5 exd5 6. Bd3 {B40: Sicilian: 2...e6, Unusual lines.} Nf6 7. Qe2+ {[#]} Be7 $146 ({Predecessor:} 7... Qe7 8. Ne5 Ng4 9. Nxg4 Bxg4 10. Qxe7+ Kxe7 11. O-O Nc6 12. Ba3 Kd6 13. Re1 Be7 {1-0 (36) Harikrishna,P (2706)-El Debs,F (2520) Caleta 2014}) 8. Bxf6 $1 {The position is equal.} gxf6 9. Nc3 Be6 10. O-O Nc6 11. Nh4 Qd7 12. Na4 {[#] Threatens to win with Nb6.} Qc7 (12... c4 $5 13. Nb6 cxd3 14. Qxd3 Qd8 15. Nxa8 Ne5 $11) 13. Bf5 Nd8 $2 (13... b5 $1 $11 14. Nc3 Qd7) 14. Rae1 $18 O-O $2 (14... h5 15. Ng6 {[%mdl 64] Deflection} (15. Bxe6 fxe6 16. Ng6 Rh7 $16) 15... fxg6 16. Bxe6 Kf8 17. Bxd5 Bd6) 15. Qh5 {[%csl Gf5][%cal Rh5h7]} Kh8 16. Qxh7# {Accuracy: White = 81%, Black = 39%.} 1-0

[Event "398 Stay Safe Play From Home series"]
[Site "Emanuel Lasker Arena"]
[Date "2020.08.20"]
[Round "3"]
[White "AChessPlayer"]
[Black "Lamborghini"]
[Result "1-0"]
[WhiteElo "2378"]
[BlackElo "2315"]
[PlyCount "127"]
[EventDate "2020.08.20"]
[EventType "swiss (blitz)"]

1. Nf3 {[%emt 0:00:01]} Nf6 {[%emt 0:00:01]} 2. g3 {[%emt 0:00:00]} g6 {[%emt 0:00:00]} 3. Bg2 {[%emt 0:00:00]} Bg7 {[%emt 0:00:00]} 4. O-O {[%emt 0:00:00]} O-O {[%emt 0:00:00]} 5. d4 {[%emt 0:00:00]} d6 {[%emt 0:00:00]} 6. c3 {[%emt 0:00:00]} c6 {[%emt 0:00:00]} 7. Nbd2 {[%emt 0:00:00]} Nfd7 {[%emt 0:00:00]} 8. e4 {[%emt 0:00:01]} Re8 {[%emt 0:00:00]} 9. Re1 {[%emt 0:00:01]} Nf8 {[%emt 0:00:00]} 10. Nc4 {[%emt 0:00:01]} Nbd7 {[%emt 0:00:00]} 11. Ne3 {[%emt 0:00:01]} b5 {[%emt 0:00:01]} 12. a4 {[%emt 0:00:01]} a6 {[%emt 0:00:01]} 13. Qc2 {[%emt 0:00:01]} Bb7 {[%emt 0:00:01]} 14. Ng4 {[%emt 0:00:01]} f6 {[%emt 0:00:05]} 15. Nh6+ {[%emt 0:00:02]} Bxh6 {[%emt 0:00:01]} 16. Bxh6 {[%emt 0:00:00]} g5 {[%emt 0:00:01]} 17. h4 {[%emt 0:00:01]} g4 {[%emt 0:00:01]} 18. Nh2 {[%emt 0:00:01]} e5 {[%emt 0:00:01]} 19. Nxg4 {[%emt 0:00:01]} Nb6 {[%emt 0:00:02]} 20. Ne3 {[%emt 0:00:01]} Nxa4 {[%emt 0:00:02]} 21. Qb3+ {[%emt 0:00:05]} Ne6 {[%emt 0:00:03]} 22. Rxa4 {[%emt 0:00:01]} bxa4 {[%emt 0:00:01]} 23. Qxb7 {[%emt 0:00:01]} Rb8 {[%emt 0:00:02]} 24. Qxc6 {[%emt 0:00:01]} exd4 {[%emt 0:00:01]} 25. cxd4 {[%emt 0:00:02]} Nxd4 {[%emt 0:00:01]} 26. Qd5+ {[%emt 0:00:01]} Ne6 {[%emt 0:00:01]} 27. Bh3 {[%emt 0:00:00]} Qe7 {[%emt 0:00:01]} 28. Nf5 {[%emt 0:00:01]} Qf7 {[%emt 0:00:01]} 29. Nxd6 {[%emt 0:00:01]} Qd7 {[%emt 0:00:02]} 30. Nxe8 {[%emt 0:00:02]} Qxd5 {[%emt 0:00:01]} 31. Nxf6+ {[%emt 0:00:01]} Kf7 {[%emt 0:00:02]} 32. exd5 {[%emt 0:00:02]} Kg6 {[%emt 0:00:00]} 33. Rxe6 {[%emt 0:00:02]} Kxh6 {[%emt 0:00:01]} 34. Nd7+ {[%emt 0:00:02]} Kg7 {[%emt 0:00:01]} 35. Nxb8 {[%emt 0:00:00]} a3 {[%emt 0:00:00]} 36. Rxa6 {[%emt 0:00:01]} axb2 {[%emt 0:00:01]} 37. Rb6 {[%emt 0:00:00]} b1=Q+ {[%emt 0:00:00]} 38. Rxb1 {[%emt 0:00:00]} Kh6 {[%emt 0:00:00]} 39. Re1 {[%emt 0:00:00]} Kh5 {[%emt 0:00:01]} 40. d6 {[%emt 0:00:01]} h6 {[%emt 0:00:00]} 41. Bg4+ {[%emt 0:00:02]} Kg6 {[%emt 0:00:01]} 42. h5+ {[%emt 0:00:01]} Kg5 {[%emt 0:00:01]} 43. Kg2 {[%emt 0:00:02]} Kxg4 {[%emt 0:00:00]} 44. Re4+ {[%emt 0:00:02]} Kg5 {[%emt 0:00:01]} 45. d7 {[%emt 0:00:02]} Kf5 {[%emt 0:00:01]} 46. d8=Q {[%emt 0:00:02]} Kxe4 {[%emt 0:00:01]} 47. Qf6 {[%emt 0:00:01]} Kd5 {[%emt 0:00:01]} 48. Qxh6 {[%emt 0:00:01]} Ke4 {[%emt 0:00:01]} 49. Nc6 {[%emt 0:00:01]} Kf5 {[%emt 0:00:01]} 50. Nd4+ {[%emt 0:00:00]} Ke5 {[%emt 0:00:01]} 51. Qg7+ {[%emt 0:00:00]} Ke4 {[%emt 0:00:01]} 52. Nf5 {[%emt 0:00:00]} Kd5 {[%emt 0:00:01]} 53. Nh6 {[%emt 0:00:00]} Ke6 {[%emt 0:00:01]} 54. Ng8 {[%emt 0:00:00]} Kf5 {[%emt 0:00:00]} 55. h6 {[%emt 0:00:00]} Ke4 {[%emt 0:00:00]} 56. h7 {[%emt 0:00:00]} Kf5 {[%emt 0:00:00]} 57. h8=Q {[%emt 0:00:00]} Ke4 {[%emt 0:00:00]} 58. Qhh7+ {[%emt 0:00:00]} Kd5 {[%emt 0:00:00]} 59. Qf6 {[%emt 0:00:01]} Kc4 {[%emt 0:00:02]} 60. Qe4+ {[%emt 0:00:01]} Kb5 {[%emt 0:00:02]} 61. Qff5+ {[%emt 0:00:01]} Kb6 {[%emt 0:00:01]} 62. Qee6+ {[%emt 0:00:00]} Kc7 {[%emt 0:00:00]} 63. Qff7+ {[%emt 0:00:00]} Kd8 {[%emt 0:00:01]} 64. Qee8# {[%emt 0:00:00] (Lag: Av=0.46s, max=0.8s) (Lag: Av=0.46s, max=0.8s) (Lag: Av=0.46s, max=0.8s)} 1-0